000 00276 a2200097 4500
001 13054
100 _aEliot,G
245 _aMill on the Floss: An authoritative text backgrounds and contemporary reactions criticism
260 _a
_bW.W.Norton & Company
_c
090 _c10059
_d10059
942 _aNUST-CAE
_cM
_c69
999 _c248127
_d248127